Normal view
MARC view
Entry Personal Name
001 - CONTROL NUMBER
- control field: 51948
003 - CONTROL NUMBER IDENTIFIER
- control field: dpl
005 - DATE AND TIME OF LATEST TRANSACTION
- control field: 20120903114037.0
008 - FIXED-LENGTH DATA ELEMENTS
- fixed length control field: 120903|||a|||||| | ||| d
040 ## - CATALOGING SOURCE
- Original cataloging agency: dpl
- Transcribing agency: dpl
100 ## - HEADING--PERSONAL NAME
- Personal name: Bahri, Hardev
670 ## - SOURCE DATA FOUND
- Source citation: Work cat.: (dpl)69630: Bahri, Hardev, Rajpal English-Hindi Dictionary/, 2011
670 ## - SOURCE DATA FOUND
- Source citation: Work cat.: (dpl)69630: Bahri, Hardev, Rajpal English-Hindi Dictionary/, 2011
